000 01093cab a2200241 4500
001 ABS60072
008 090401t1999 xxu||||| |||| 00| 0 eng d
035 _a(Sirsi) u99710
041 _aeng
100 _aButton, R.
245 _aWhy adjudication is illegal
260 _c1999
350 _a0
490 _aBuilding
_v264(8076) 26 February 1999, 54(1)
520 _aDiscusses the provisions of the Human Rights Act, expected to be implemented in 2000. The new Act may mean some provisions under the Construction Act are nullified; an adjudicator`s decision may be vulnerable to challenge.
650 _aMANAGEMENT-DISPUTE AVOIDANCE, MANAGEMENT AND RESOLUTION-DISPUTE MANAGEMENT AND RESOLUTION-ALTERNATIVE DISPUTE RESOLUTION-ADJUDICATION
650 _aHOUSING GRANTS, CONSTRUCTION AND REGENERATION ACT 1996
650 _aCONVENTION FOR THE PROTECTION OF HUMAN RIGHTS AND FUNDAMENTAL FREEDOMS
650 _aHUMAN RIGHTS ACT
690 _aMANAGEMENT-DISPUTE AVOIDANCE, MANAGEMENT AND RESOLUTION-DISPUTE MANAGEMENT AND RESOLUTION-ARBITRATION
942 _n0
948 _c03/03/1999
999 _c59948
_d59948